000 00733nam a22001337a 4500
040 _cRUA
082 _aVEM YOR 2014 B440 Or.1
100 _aYORN CHOMROEUN ; យ៉ន ចំរើន
245 _aStudy on gastrointestinal parasite prior slaughter in pigs at slaughter house in takmao town, kandal province, សិក្សាពីបរាសិតក្នុងក្រពះពោះវៀនជ្រូកមុនពេលពិឃាដ នៅទីសត្តឃាត ក្រុងតាខ្មៅ ខេត្តកណ្ដាល
260 _aPhnom Penh
_bRUA
_c2014
300 _ax ;44p.
_bill.
_c29cm.
856 _uhttps://drive.google.com/file/d/1qcm9p7xAWK0_e-AbXM6cfh_fRESx7iky/view?usp=sharing
942 _cVEM
999 _c7185
_d7185